[Event "?"]
[Site "?"]
[Date "????.??.??"]
[Round "?"]
[White "Vager, B."]
[Black "Zunker, R."]
[Result "1/2-1/2"]
[WhiteElo "2126"]
[BlackElo "2160"]
[Annotator "016"]
[PlyCount "34"]
[EventDate "2010.??.??"]
[WhiteTeam "St. Petersburg"]
[BlackTeam "Hessen 1"]

1. d4 Nf6 2. Nf3 g6 3. Bf4 Bg7 4. e3 d6 5. Bc4 c5 6. c3 O-O 7. Nbd2 b6 8. O-O
Bb7 9. h3 a6 10. a4 Nc6 11. Qe2 Re8 12. Bh2 e5 13. dxe5 dxe5 14. Rfd1 Qc7 15.
Ng5 Re7 16. Nde4 Nxe4 17. Nxe4 Na5 1/2-1/2

[Event "?"]
[Site "?"]
[Date "????.??.??"]
[Round "?"]
[White "Csulits, A."]
[Black "Lederman, L."]
[Result "1-0"]
[WhiteElo "2222"]
[BlackElo "2291"]
[Annotator "018"]
[PlyCount "105"]
[EventDate "2010.??.??"]
[WhiteTeam "Sachsen-Anhalt"]
[BlackTeam "Israel"]
[BlackTeamCountry "ISR"]

1. d4 d5 2. Nf3 Nf6 3. g3 c6 4. Bg2 Bf5 5. O-O h6 6. c4 e6 7. Nc3 Be7 8. Ne5
Nbd7 9. f4 O-O 10. e3 Qc7 11. cxd5 cxd5 12. Bd2 Rac8 13. g4 Bh7 14. g5 hxg5 15.
fxg5 Ne8 16. g6 Bxg6 17. Nxg6 fxg6 18. Qg4 Qd6 19. Rxf8+ Bxf8 20. Bh3 Nc7 21.
Qxg6 Be7 22. e4 dxe4 23. Be3 Nf8 24. Qxe4 b5 25. Rf1 b4 26. Ne2 Qd5 27. Qg4 Ne8
28. Nf4 Qe4 29. Qf3 Qxf3 30. Rxf3 Rc6 31. d5 exd5 32. Nxd5 Bf6 33. Rxf6 Rxf6
34. Nxf6+ Nxf6 35. Bxa7 N8d7 36. Bd4 Kf7 37. a4 bxa3 38. bxa3 Nb8 39. a4 Ke7
40. a5 Kd6 41. Bf1 Nc6 42. a6 Ne8 43. a7 Nc7 44. Bf2 Na8 45. h4 Nc7 46. Bg3+
Ke6 47. Bxc7 Nxa7 48. Kh2 Nc6 49. Kg3 Ne7 50. Kg4 Kf7 51. Bc4+ Kg6 52. Bd6 Kf6
53. Bxe7+ 1-0

[Event "?"]
[Site "?"]
[Date "????.??.??"]
[Round "?"]
[White "Stepak, Y."]
[Black "Hamm, G."]
[Result "1-0"]
[WhiteElo "2238"]
[BlackElo "2124"]
[Annotator "019"]
[PlyCount "57"]
[EventDate "2010.??.??"]
[WhiteTeam "Israel"]
[BlackTeam "Sachsen-Anhalt"]
[WhiteTeamCountry "ISR"]

1. d4 d6 2. c4 Nf6 3. Nc3 c6 4. e4 e5 5. Nf3 Bg4 6. Be2 Nbd7 7. O-O Be7 8. Be3
O-O 9. Qc2 Re8 10. Rfd1 Qc7 11. Rac1 Bf8 12. d5 c5 13. h3 Bxf3 14. Bxf3 Be7 15.
a3 Nb8 16. b4 Nbd7 17. Nb5 Qc8 18. bxc5 Nxc5 19. Bg4 Nfd7 20. Bxc5 dxc5 21. d6
Bg5 22. Rb1 Rd8 23. Nc7 h5 24. Bxd7 Rxd7 25. Nxa8 Qxa8 26. Qa4 Qd8 27. Qxa7
Rxd6 28. Rd5 Bh4 29. Qxc5 1-0

[Event "?"]
[Site "?"]
[Date "????.??.??"]
[Round "?"]
[White "Liebscher, H."]
[Black "Peretz, M."]
[Result "1/2-1/2"]
[WhiteElo "2107"]
[BlackElo "2268"]
[Annotator "020"]
[PlyCount "61"]
[EventDate "2010.??.??"]
[WhiteTeam "Sachsen-Anhalt"]
[BlackTeam "Israel"]
[BlackTeamCountry "ISR"]

1. e4 c5 2. Nf3 Nc6 3. d4 cxd4 4. Nxd4 g6 5. Nc3 Bg7 6. Be3 Nf6 7. f4 d6 8. Be2
O-O 9. O-O Qb6 10. Qd3 Ng4 11. Bxg4 Bxd4 12. Bxd4 Qxd4+ 13. Qxd4 Nxd4 14. Bd1
f5 15. Nd5 fxe4 16. Nxe7+ Kg7 17. Nxc8 Raxc8 18. c3 Nf5 19. Bg4 Rc5 20. Bxf5
gxf5 21. Rfd1 Rd8 22. Rd4 Kf6 23. Rad1 Ke6 24. Kf2 b5 25. g4 fxg4 26. Rxe4+ Kf6
27. Red4 Ke6 28. Kg3 h5 29. Re1+ Kf7 30. Red1 Ke6 31. Re1+ 1/2-1/2

[Event "?"]
[Site "?"]
[Date "????.??.??"]
[Round "?"]
[White "Sloth, J."]
[Black "Wahlbom, M."]
[Result "1/2-1/2"]
[WhiteElo "2300"]
[BlackElo "2311"]
[Annotator "021"]
[PlyCount "40"]
[EventDate "2010.??.??"]
[WhiteTeam "Dänemark 1"]
[BlackTeam "Schweden 1"]

1. Nf3 c5 2. c4 Nc6 3. b3 Nf6 4. Bb2 e6 5. e3 Be7 6. Be2 O-O 7. O-O b6 8. d4
cxd4 9. exd4 d5 10. Nbd2 Bb7 11. Bd3 Nb4 12. Bb1 Qc7 13. a3 Nc6 14. Qc2 g6 15.
Re1 Rfe8 16. c5 a5 17. Ne5 Nxe5 18. dxe5 Nd7 19. cxb6 Qxb6 20. Nf3 Rac8 1/2-1/2

[Event "?"]
[Site "?"]
[Date "????.??.??"]
[Round "?"]
[White "Malmdin, N."]
[Black "Jorgensen, J."]
[Result "1-0"]
[WhiteElo "2281"]
[BlackElo "2340"]
[Annotator "022"]
[PlyCount "91"]
[EventDate "2010.??.??"]
[WhiteTeam "Schweden 1"]
[BlackTeam "Dänemark 1"]

1. e4 c6 2. c4 d5 3. cxd5 cxd5 4. exd5 Nf6 5. Nc3 Nxd5 6. Nf3 Nc6 7. Bb5 Nxc3
8. bxc3 Qd5 9. Qe2 Bg4 10. c4 Qf5 11. Bb2 Rd8 12. h3 Bxf3 13. Qxf3 Qxf3 14.
gxf3 e6 15. Rd1 f6 16. d4 Bb4+ 17. Ke2 Kf7 18. f4 Ne7 19. Kf3 Bd6 20. Bc1 Rc8
21. Rhe1 Rhd8 22. c5 Bc7 23. Bc4 Nd5 24. Bd2 g6 25. Re2 a6 26. Rde1 Re8 27.
Rxe6 Rxe6 28. Bxd5 Rce8 29. Rb1 Rb8 30. Rxb7 Rxb7 31. Bxb7 Re8 32. Bxa6 Ra8 33.
Bc4+ Kf8 34. Bb3 Ba5 35. Be3 f5 36. Ke2 Bb4 37. Kd3 Ba3 38. d5 Ke7 39. Kc4 Rb8
40. d6+ Kd8 41. Kd5 Rb4 42. c6 Rb5+ 43. Ke6 Rb4 44. Kd5 Bb2 45. c7+ Kc8 46. Kc6
1-0

[Event "?"]
[Site "?"]
[Date "????.??.??"]
[Round "?"]
[White "Kolbak, J."]
[Black "Nordstrom, F."]
[Result "1/2-1/2"]
[WhiteElo "2344"]
[BlackElo "2191"]
[Annotator "023"]
[PlyCount "55"]
[EventDate "2010.??.??"]
[WhiteTeam "Dänemark 1"]
[BlackTeam "Schweden 1"]

1. f4 d5 2. Nf3 Nf6 3. e3 g6 4. b4 Bg7 5. Bb2 O-O 6. Be2 Bg4 7. O-O c6 8. a3
Bxf3 9. Bxf3 Ne8 10. Bxg7 Nxg7 11. Qe2 Qd6 12. d4 Nd7 13. Nd2 a5 14. c4 axb4
15. c5 Qe6 16. axb4 Nf5 17. Kf2 Nf6 18. Qd3 Nh4 19. h3 Nxf3 20. Kxf3 Rfb8 21.
Ra5 Ne8 22. Rfa1 Rxa5 23. bxa5 Nc7 24. Kf2 Kg7 25. Kg1 Ra8 26. Kh2 Nb5 27. Nf1
Qd7 28. Ng3 1/2-1/2

[Event "?"]
[Site "?"]
[Date "????.??.??"]
[Round "?"]
[White "Hallerod, R."]
[Black "Sorensen, B."]
[Result "0-1"]
[WhiteElo "2165"]
[BlackElo "2240"]
[Annotator "024"]
[PlyCount "170"]
[EventDate "2010.??.??"]
[WhiteTeam "Schweden 1"]
[BlackTeam "Dänemark 1"]

1. d4 Nf6 2. c4 e6 3. Nf3 b6 4. g3 d5 5. Bg2 Be7 6. O-O O-O 7. cxd5 exd5 8. Nc3
Re8 9. Re1 Bb7 10. Bg5 Nbd7 11. Ne5 Ne4 12. Bxe7 Rxe7 13. Nxd7 Rxd7 14. Qc2 Nf6
15. b4 a5 16. b5 c6 17. bxc6 Bxc6 18. a4 Rc7 19. Qb3 Rb8 20. Rec1 Qd7 21. Rc2
Ba8 22. Rac1 Rc4 23. Nb5 g6 24. Rxc4 dxc4 25. Qxc4 Bxg2 26. Kxg2 Re8 27. Qc6
Qe7 28. e3 Ng4 29. Qf3 h5 30. Rc7 Qe6 31. d5 Qf6 32. Qxf6 Nxf6 33. d6 Rd8 34.
f3 Nd5 35. Rb7 Nxe3+ 36. Kf2 Nc4 37. d7 Kf8 38. Nd4 Ne5 39. Rxb6 Rxd7 40. Nb3
Rd3 41. Nxa5 Rxf3+ 42. Kg2 Ra3 43. Rb2 Rxa4 44. Nb7 Ke7 45. Re2 f6 46. Nc5 Ra3
47. Ne4 Ke6 48. Rf2 Ng4 49. Re2 Kd5 50. Nd2 Kd4 51. Nf1 Ra1 52. Rd2+ Kc3 53.
Re2 Rb1 54. h3 Ne5 55. Rf2 Rb6 56. Re2 Kd4 57. Nh2 Kd3 58. Kf2 Rb1 59. Re3+ Kc4
60. Re4+ Kc5 61. Re2 Rb3 62. Kg2 Kd4 63. g4 h4 64. Rd2+ Rd3 65. Rxd3+ Kxd3 66.
Kf2 g5 67. Nf3 Ke4 68. Ng1 Nxg4+ 69. hxg4 Kf4 70. Kg2 Kxg4 71. Nf3 Kf4 72. Kf2
f5 73. Nd4 g4 74. Ne2+ Ke4 75. Nc3+ Ke5 76. Ne2 f4 77. Nc1 h3 78. Ne2 h2 79.
Ng3 fxg3+ 80. Kg2 Ke4 81. Kh1 Ke3 82. Kg2 Ke2 83. Kh1 g2+ 84. Kxg2 h1=Q+ 85.
Kxh1 Kf2 0-1

[Event "?"]
[Site "?"]
[Date "????.??.??"]
[Round "?"]
[White "Rodriguez Vargas, O."]
[Black "Opl, K."]
[Result "0-1"]
[WhiteElo "2423"]
[BlackElo "2360"]
[Annotator "025"]
[PlyCount "48"]
[EventDate "2010.??.??"]
[WhiteTeam "Catalonia"]
[BlackTeam "Wien 1"]
[WhiteTeamCountry "CAT"]

1. c4 Nf6 2. Nc3 c5 3. g3 d5 4. cxd5 Nxd5 5. Bg2 Nc7 6. f4 g6 7. Nf3 Nc6 8. d3
Bg7 9. O-O O-O 10. Be3 Nd4 11. Rc1 b6 12. Bf2 Bb7 13. e4 Qd7 14. Ne5 Bxe5 15.
fxe5 Rad8 16. Be3 Nc6 17. Bh6 Qd4+ 18. Kh1 Nxe5 19. Qd2 Rfe8 20. Rcd1 Ne6 21.
Nd5 Ng5 22. Rxf7 Kxf7 23. Rf1+ Kg8 24. Bh3 Bxd5 0-1

[Event "?"]
[Site "?"]
[Date "????.??.??"]
[Round "?"]
[White "Titz, H."]
[Black "Simon Padros, E."]
[Result "1/2-1/2"]
[WhiteElo "2248"]
[BlackElo "2229"]
[Annotator "026"]
[PlyCount "93"]
[EventDate "2010.??.??"]
[WhiteTeam "Wien 1"]
[BlackTeam "Catalonia"]
[BlackTeamCountry "CAT"]

1. c4 e6 2. d4 f5 3. g3 Nf6 4. Bg2 d5 5. Nh3 c6 6. Qc2 Bd6 7. O-O O-O 8. Bf4
Be7 9. Nd2 Ne4 10. f3 Nxd2 11. Bxd2 Bf6 12. Be3 Qb6 13. Rad1 e5 14. cxd5 cxd5
15. Qd2 e4 16. Nf4 Qd6 17. Nh5 Nc6 18. Nxf6+ Rxf6 19. Bg5 Rf8 20. Bf4 Qe7 21.
a3 Be6 22. Rc1 h6 23. h4 Rac8 24. b4 a6 25. Rc5 Kh7 26. Rfc1 Rg8 27. fxe4 fxe4
28. a4 Qf6 29. Be3 Qg6 30. Kh2 Ne7 31. Rxc8 Rxc8 32. Rxc8 Bxc8 33. Bf4 Bg4 34.
Kg1 Qf5 35. Qe3 Qc8 36. b5 Qc4 37. bxa6 bxa6 38. Qa3 Qxd4+ 39. e3 Qd1+ 40. Kf2
Qe2+ 41. Kg1 Bf3 42. Bf1 Qe1 43. Qb2 Ng6 44. Qf2 Qa1 45. Qd2 a5 46. Bc7 Qxa4
47. Bxa5 1/2-1/2

[Event "?"]
[Site "?"]
[Date "????.??.??"]
[Round "?"]
[White "Strobel, F."]
[Black "Monedero Gonzalez, J."]
[Result "1-0"]
[WhiteElo "2148"]
[BlackElo "2100"]
[Annotator "028"]
[PlyCount "47"]
[EventDate "2010.??.??"]
[WhiteTeam "Wien 1"]
[BlackTeam "Catalonia"]
[BlackTeamCountry "CAT"]

1. f4 d5 2. Nf3 Nf6 3. e3 g6 4. Be2 Bg7 5. O-O O-O 6. d4 b6 7. c4 Bb7 8. cxd5
Nxd5 9. Nc3 Nd7 10. Bc4 Nxc3 11. bxc3 c5 12. Qb3 e6 13. Ba3 Re8 14. Ne5 Nxe5
15. fxe5 Qg5 16. Rf2 Qxe3 17. Bxc5 Bxe5 18. Raf1 Rab8 19. Ba3 Bc7 20. Bc1 Qe4
21. Qb2 f5 22. Bg5 Qg4 23. Qd2 Rbc8 24. Be2 1-0

[Event "?"]
[Site "?"]
[Date "????.??.??"]
[Round "?"]
[White "Goldberg, V."]
[Black "Lieb, H."]
[Result "0-1"]
[WhiteElo "2141"]
[BlackElo "2249"]
[Annotator "030"]
[PlyCount "78"]
[EventDate "2010.??.??"]
[WhiteTeam "BSW Lok Dresden"]
[BlackTeam "Berlin"]

1. e4 e6 2. d4 d5 3. Nc3 Nf6 4. Bg5 dxe4 5. Nxe4 Be7 6. Nxf6+ gxf6 7. Bf4 b6 8.
Bb5+ Bd7 9. Bxd7+ Nxd7 10. Nf3 Rg8 11. Qd3 f5 12. Qb5 Bd6 13. Bxd6 cxd6 14. g3
Qc7 15. O-O-O a6 16. Qd3 Nf6 17. Rhe1 Kf8 18. Re2 b5 19. Kb1 Rc8 20. Nd2 Nd5
21. Rc1 Nb6 22. Qa3 Kg7 23. Qxa6 Qc6 24. Qa3 Ra8 25. Qb3 Ra4 26. c3 Rc8 27.
Rce1 Nc4 28. Qc2 Rca8 29. Nxc4 bxc4 30. a3 Qb7 31. Kc1 R4a5 32. Kd2 Rb5 33. Ke3
Rb8 34. Rb1 e5 35. Rd2 exd4+ 36. Rxd4 Re8+ 37. Kd2 Rbe5 38. Kc1 Re1+ 39. Rd1
Qh1 0-1

[Event "?"]
[Site "?"]
[Date "????.??.??"]
[Round "?"]
[White "Brameyer, H."]
[Black "Eskandary, J."]
[Result "0-1"]
[WhiteElo "2237"]
[BlackElo "2139"]
[Annotator "031"]
[PlyCount "76"]
[EventDate "2010.??.??"]
[WhiteTeam "Berlin"]
[BlackTeam "BSW Lok Dresden"]

1. d4 d6 2. Nf3 Nd7 3. e4 c6 4. Nc3 Qc7 5. Bc4 Nb6 6. Bb3 h6 7. Bf4 Bg4 8. h3
Bh5 9. g4 Bg6 10. Bg3 e6 11. Nh4 Bh7 12. f4 O-O-O 13. Qe2 d5 14. exd5 Nxd5 15.
O-O g5 16. Nxd5 exd5 17. Nf5 Bxf5 18. gxf5 Bd6 19. Bh2 Nf6 20. fxg5 hxg5 21.
Bxd6 Qxd6 22. Qe5 Rxh3 23. Qxd6 Rxd6 24. Kg2 Rh4 25. c3 Ng4 26. Rh1 Ne3+ 27.
Kf3 Nxf5 28. Rxh4 Nxh4+ 29. Kg4 f6 30. Re1 Kd7 31. Bc2 Re6 32. Rxe6 Kxe6 33. b4
b5 34. a4 Ng2 35. Bb3 Ne3+ 36. Kh5 Kf5 37. a5 Kf4 38. Ba2 g4 0-1

[Event "?"]
[Site "?"]
[Date "????.??.??"]
[Round "?"]
[White "Schwier, M."]
[Black "Thormann, W."]
[Result "1/2-1/2"]
[WhiteElo "2165"]
[BlackElo "2273"]
[Annotator "032"]
[PlyCount "31"]
[EventDate "2010.??.??"]
[WhiteTeam "BSW Lok Dresden"]
[BlackTeam "Berlin"]

1. e4 Nc6 2. d4 d6 3. Nf3 Nf6 4. Nc3 Bg4 5. Be2 e6 6. O-O Be7 7. h3 Bh5 8. Be3
O-O 9. a3 a6 10. Nd2 Bxe2 11. Qxe2 e5 12. Nf3 Re8 13. dxe5 Nxe5 14. Nxe5 dxe5
15. Rad1 Qc8 16. f3 1/2-1/2

[Event "?"]
[Site "?"]
[Date "????.??.??"]
[Round "?"]
[White "Rosen, W."]
[Black "Van Herck, M."]
[Result "1-0"]
[WhiteElo "2287"]
[BlackElo "2156"]
[Annotator "034"]
[PlyCount "115"]
[EventDate "2010.??.??"]
[WhiteTeam "Sfr. Katernberg"]
[BlackTeam "Belgien"]
[BlackTeamCountry "BEL"]

1. e4 c6 2. d4 d5 3. e5 c5 4. dxc5 e6 5. Nf3 Bxc5 6. Bd3 Nc6 7. a3 Nge7 8. b4
Bb6 9. Bb2 Ng6 10. O-O Bc7 11. Re1 f6 12. Bxg6+ hxg6 13. Nbd2 Rh5 14. g4 Rxe5
15. Nxe5 Nxe5 16. Bxe5 Bxe5 17. Rb1 Qd6 18. Nf3 Bf4 19. Qd3 Kf7 20. c4 e5 21.
Nh4 e4 22. Qxd5+ Qxd5 23. cxd5 Bxg4 24. Rxe4 g5 25. Rbe1 Rd8 26. Ng2 Rxd5 27.
Nxf4 gxf4 28. Rxf4 Bd7 29. h4 Bc6 30. Kh2 g5 31. hxg5 Rxg5 32. f3 a5 33. Rc1
axb4 34. axb4 Rd5 35. Rc5 Rd6 36. Kg3 Ke6 37. b5 Bd5 38. Rd4 Ke5 39. Rd2 Rd7
40. Kf2 b6 41. Rc1 Rh7 42. Ke3 Rh3 43. Rxd5+ Kxd5 44. Rc6 Ke5 45. Rxb6 f5 46.
Rb8 f4+ 47. Ke2 Rh2+ 48. Kd3 Kd5 49. b6 Rb2 50. b7 Kc6 51. Ke4 Rb4+ 52. Ke5 Kc7
53. Rf8 Kxb7 54. Rxf4 Rb3 55. Ke6 Kc7 56. Rf7+ Kd8 57. Rf8+ Kc7 58. f4 1-0

[Event "?"]
[Site "?"]
[Date "????.??.??"]
[Round "?"]
[White "Maes, V."]
[Black "Krueger, E."]
[Result "1/2-1/2"]
[WhiteElo "2163"]
[BlackElo "2248"]
[Annotator "035"]
[PlyCount "39"]
[EventDate "2010.??.??"]
[WhiteTeam "Belgien"]
[BlackTeam "Sfr. Katernberg"]
[WhiteTeamCountry "BEL"]

1. d4 Nf6 2. Nf3 g6 3. Bg5 Bg7 4. Nbd2 O-O 5. c3 d6 6. e4 c5 7. dxc5 dxc5 8.
Bc4 Nc6 9. Qe2 Qc7 10. O-O Ne5 11. Bd3 Be6 12. b4 cxb4 13. cxb4 Nc6 14. Rac1
Qd7 15. b5 Nd4 16. Nxd4 Qxd4 17. Bc4 Bxc4 18. Qxc4 Rfd8 19. h3 h6 20. Be3
1/2-1/2

[Event "?"]
[Site "?"]
[Date "????.??.??"]
[Round "?"]
[White "Walter, G."]
[Black "Böhnisch, M."]
[Result "1/2-1/2"]
[WhiteElo "2281"]
[BlackElo "2337"]
[Annotator "041"]
[PlyCount "49"]
[EventDate "2010.??.??"]
[WhiteTeam "Brandenburg"]
[BlackTeam "Leipzig"]

1. e4 c6 2. d4 d5 3. f3 e6 4. Nc3 Bb4 5. Nge2 Nf6 6. a3 Bxc3+ 7. Nxc3 b6 8. Bg5
h6 9. Bh4 Ba6 10. Bxa6 Nxa6 11. Qe2 Nc7 12. O-O-O Qd7 13. g4 O-O-O 14. e5 g5
15. Bf2 Nh7 16. h4 f5 17. exf6 Qf7 18. Bg3 Nxf6 19. Qe5 Rhg8 20. hxg5 hxg5 21.
Rh6 Nfe8 22. Rxe6 Qg7 23. Qxg7 Rxg7 24. Be5 Rg8 25. Ne2 1/2-1/2

[Event "?"]
[Site "?"]
[Date "????.??.??"]
[Round "?"]
[White "Weber, B."]
[Black "Tröger, R."]
[Result "0-1"]
[WhiteElo "2139"]
[BlackElo "2159"]
[Annotator "042"]
[PlyCount "86"]
[EventDate "2010.??.??"]
[WhiteTeam "Leipzig"]
[BlackTeam "Brandenburg"]

1. d4 g6 2. c4 Bg7 3. Nc3 c5 4. d5 d6 5. e4 Nf6 6. Be2 O-O 7. Nf3 Bg4 8. Be3
Nbd7 9. Nd2 Bxe2 10. Qxe2 a6 11. O-O Rb8 12. a4 Ne8 13. Ra3 Nc7 14. Rb3 a5 15.
Bf4 Na6 16. Nf3 f6 17. Ra1 Nb4 18. Ne1 Ne5 19. Nd1 Qd7 20. Rg3 f5 21. exf5 Rxf5
22. Bd2 Rbf8 23. Raa3 h5 24. f3 Kh7 25. Rh3 Kg8 26. Nf2 e6 27. f4 exd5 28. Rag3
Qf7 29. cxd5 Nxd5 30. Nfd3 Ng4 31. Nf3 Re8 32. Qd1 c4 33. Nf2 Nxf2 34. Kxf2 b6
35. Rg5 Rxg5 36. Nxg5 Qf5 37. Rf3 Bxb2 38. Bc1 Bf6 39. h3 Nb4 40. g4 Nd3+ 41.
Kg3 Qc5 42. gxh5 Re1 43. Rxd3 Qg1+ 0-1

[Event "?"]
[Site "?"]
[Date "????.??.??"]
[Round "?"]
[White "Skorna, U."]
[Black "Böhlig, H."]
[Result "0-1"]
[WhiteElo "2101"]
[BlackElo "2242"]
[Annotator "043"]
[PlyCount "74"]
[EventDate "2010.??.??"]
[WhiteTeam "Brandenburg"]
[BlackTeam "Leipzig"]

1. e4 c5 2. b3 d6 3. Bb2 Nf6 4. Bxf6 exf6 5. Nc3 Nc6 6. Bd3 g6 7. Nge2 Bg7 8.
O-O O-O 9. f4 Nb4 10. f5 Nxd3 11. cxd3 b6 12. Nf4 Bb7 13. Nfd5 a6 14. Qf3 b5
15. Ne3 Bh6 16. Qh3 Bxe3+ 17. dxe3 Kg7 18. Ne2 c4 19. Rf4 g5 20. Rg4 h5 21. Rg3
Rh8 22. bxc4 bxc4 23. dxc4 Bxe4 24. Nc3 h4 25. Nxe4 hxg3 26. Qxg3 Qe7 27. Nxd6
Qa7 28. Rd1 Rad8 29. Kh1 Rh4 30. Rd2 Qb6 31. h3 Qb4 32. Ne4 Rxd2 33. Nxg5 Rd1+
34. Kh2 Qd6 35. Ne6+ Kh8 36. Nf4 Rxf4 37. exf4 Rd4 0-1

[Event "?"]
[Site "?"]
[Date "????.??.??"]
[Round "?"]
[White "Braun, G."]
[Black "Bernhöft, E."]
[Result "1-0"]
[WhiteElo "2215"]
[BlackElo "2024"]
[Annotator "044"]
[PlyCount "99"]
[EventDate "2010.??.??"]
[WhiteTeam "Leipzig"]
[BlackTeam "Brandenburg"]

1. e4 c5 2. c3 d6 3. d4 Nf6 4. Bd3 e5 5. dxe5 dxe5 6. Nf3 Qc7 7. Bg5 Be7 8.
Nbd2 O-O 9. O-O Bg4 10. Nc4 Rd8 11. Qe2 Nc6 12. Bxf6 Bxf6 13. Rfd1 Ne7 14. Ne3
Be6 15. Bc4 Bxc4 16. Qxc4 Qb6 17. b3 Rac8 18. h3 Rxd1+ 19. Rxd1 Qc6 20. a4 Ng6
21. Nd5 Bd8 22. Qb5 h6 23. Nd2 a6 24. Qxc6 Rxc6 25. Nc4 Rc8 26. a5 Rb8 27. Kf1
f6 28. g3 Nf8 29. Ke2 Ne6 30. Ke3 Kf7 31. f4 exf4+ 32. gxf4 g5 33. fxg5 hxg5
34. h4 gxh4 35. Rh1 f5 36. Nd6+ Kf8 37. Nxf5 Bg5+ 38. Kf3 c4 39. b4 Re8 40.
Nxh4 Kg8 41. Nf5 Rf8 42. Kg4 Bd8 43. Rh6 Ng5 44. Rg6+ Kf7 45. Rg7+ Ke6 46. Nf4+
Ke5 47. Ng6+ Kf6 48. e5+ Ke6 49. Nd4+ Kd5 50. Rd7+ 1-0

[Event "?"]
[Site "?"]
[Date "????.??.??"]
[Round "?"]
[White "Hoen, R."]
[Black "Ulker, A."]
[Result "1/2-1/2"]
[WhiteElo "2259"]
[BlackElo "2140"]
[Annotator "045"]
[PlyCount "48"]
[EventDate "2010.??.??"]
[WhiteTeam "Norwegen 1"]
[BlackTeam "Türkei"]
[BlackTeamCountry "TUR"]

1. e4 c5 2. Nf3 e6 3. d4 cxd4 4. Nxd4 a6 5. Be3 Nf6 6. Bd3 d5 7. exd5 Nxd5 8.
O-O Be7 9. c3 O-O 10. Qc2 h6 11. Nf3 Nxe3 12. fxe3 Qb6 13. Re1 Bc5 14. Qe2 Nd7
15. b4 Be7 16. Nbd2 Qc7 17. Rac1 Nf6 18. Ne4 Nxe4 19. Bxe4 Bd7 20. a3 Rad8 21.
Nd4 Rc8 22. c4 Bf6 23. Qf3 Rb8 24. c5 Ba4 1/2-1/2

[Event "?"]
[Site "?"]
[Date "????.??.??"]
[Round "?"]
[White "Pekun, C."]
[Black "Gundersen, H."]
[Result "0-1"]
[WhiteElo "2229"]
[BlackElo "2220"]
[Annotator "046"]
[PlyCount "64"]
[EventDate "2010.??.??"]
[WhiteTeam "Türkei"]
[BlackTeam "Norwegen 1"]
[WhiteTeamCountry "TUR"]

1. e4 e6 2. d4 d5 3. Nc3 Bb4 4. exd5 exd5 5. Qf3 Qe7+ 6. Be3 Nf6 7. h3 Nc6 8.
Bb5 Bd7 9. Nge2 Bxc3+ 10. bxc3 Ne4 11. O-O O-O 12. Rfe1 Ne5 13. dxe5 Bxb5 14.
Nf4 Qxe5 15. Bd4 Qf5 16. g4 Ng5 17. Qxd5 Qxf4 18. Qxb5 Nxh3+ 19. Kf1 Qxg4 20.
Qxb7 c5 21. Be3 Rae8 22. Qh1 Re5 23. Rad1 Rh5 24. Qg2 Qc4+ 25. Rd3 h6 26. Qf3
Rh4 27. Qd5 Qg4 28. Qg2 Qh5 29. Rd5 f5 30. f3 Ng5 31. Rd7 Rh2 32. Qg3 f4 0-1

[Event "?"]
[Site "?"]
[Date "????.??.??"]
[Round "?"]
[White "Harestad, T."]
[Black "Ozbilen, H."]
[Result "*"]
[WhiteElo "2215"]
[BlackElo "2109"]
[Annotator "047"]
[PlyCount "121"]
[EventDate "2010.??.??"]
[WhiteTeam "Norwegen 1"]
[BlackTeam "Türkei"]
[BlackTeamCountry "TUR"]

1. d4 d5 2. Nf3 Nf6 3. c4 c6 4. Nc3 e6 5. Qc2 Be7 6. Bg5 O-O 7. e3 Nbd7 8. cxd5
exd5 9. Bd3 Re8 10. O-O Ne4 11. Bf4 f5 12. Nxd5 Bd6 13. Bxd6 cxd5 14. Bc7 Qe7
15. Rac1 Ndf6 16. Be5 Bd7 17. Qb3 Bc6 18. Rc2 a6 19. Rfc1 Rac8 20. a3 Qd7 21.
Qb4 Qf7 22. Bxf6 gxf6 23. Bxa6 Qd7 24. Bd3 Nd6 25. b3 Kh8 26. a4 Ra8 27. Nh4
Rg8 28. g3 f4 29. exf4 Ne4 30. Ng2 Qh3 31. Bf1 Qh6 32. Qe1 Rae8 33. Qd1 f5 34.
Qf3 Qd6 35. Ne3 Bd7 36. Bh3 Ref8 37. Kh1 Qb6 38. Qd1 Qxb3 39. Bg2 Bxa4 40. Bxe4
fxe4 41. Qh5 Bc6 42. Qe5+ Rg7 43. Nf5 Rxf5 44. Qxf5 Qf3+ 45. Kg1 e3 46. Qf8+
Rg8 47. Qf6+ Rg7 48. Qe5 exf2+ 49. Rxf2 Qa3 50. Rcc2 Qa1+ 51. Kg2 Qb1 52. f5 h6
53. f6 Rf7 54. Qe6 Kg8 55. Qg4+ Kf8 56. Qc8+ Be8 57. Rce2 Qb5 58. Qh3 Rh7 59.
Re7 Qd3 60. Rxe8+ Kxe8 61. f7+ *

[Event "?"]
[Site "?"]
[Date "????.??.??"]
[Round "?"]
[White "Happel, H."]
[Black "Watzka, H."]
[Result "1/2-1/2"]
[WhiteElo "2181"]
[BlackElo "2296"]
[Annotator "049"]
[PlyCount "30"]
[EventDate "2010.??.??"]
[WhiteTeam "Kgl SV  Den Haag"]
[BlackTeam "Steiermark"]

1. d4 Nf6 2. c4 d6 3. Nf3 g6 4. Nc3 Bg7 5. e4 O-O 6. Be2 Bg4 7. O-O Nfd7 8. Be3
c5 9. d5 Na6 10. Qd2 Nc7 11. h3 Bxf3 12. Bxf3 a6 13. Be2 Rb8 14. a4 b6 15. Rfd1
Ne8 1/2-1/2

[Event "?"]
[Site "?"]
[Date "????.??.??"]
[Round "?"]
[White "Nickl, K."]
[Black "Dickhoff, R."]
[Result "1/2-1/2"]
[WhiteElo "2183"]
[BlackElo "2123"]
[Annotator "050"]
[PlyCount "104"]
[EventDate "2010.??.??"]
[WhiteTeam "Steiermark"]
[BlackTeam "Kgl SV  Den Haag"]

1. d4 e6 2. Nf3 Nf6 3. e3 c5 4. Bd3 Nc6 5. c3 d5 6. Nbd2 Be7 7. O-O O-O 8. dxc5
Bxc5 9. e4 dxe4 10. Nxe4 Nxe4 11. Bxe4 Qxd1 12. Rxd1 f6 13. b4 Be7 14. a4 Rd8
15. Be3 Bd7 16. a5 Be8 17. Rxd8 Bxd8 18. a6 bxa6 19. Nd4 Rc8 20. Nxe6 Bb6 21.
Rxa6 Bf7 22. Nc5 Rd8 23. h4 Rd1+ 24. Kh2 Ne5 25. Bd4 Bc4 26. Ra3 h5 27. Bf5 Kf7
28. f4 Ng4+ 29. Kg3 Bd5 30. Bxg4 hxg4 31. Kxg4 Bxg2 32. Nb3 Bd5 33. Bxb6 axb6
34. Ra7+ Kg6 35. f5+ Kh6 36. Nd4 Rg1+ 37. Kf4 Rf1+ 38. Ke3 Rh1 39. Kd2 Rg1 40.
Rd7 Bc4 41. Rd8 Kh5 42. Rb8 Rg2+ 43. Ke3 Kxh4 44. Rxb6 Rg3+ 45. Kd2 Rg2+ 46.
Ke1 Kg3 47. Rc6 Bd5 48. Rc5 Be4 49. b5 Kf4 50. Kd1 Rb2 51. Kc1 Rb1+ 52. Kd2
Rb2+ 1/2-1/2

[Event "?"]
[Site "?"]
[Date "????.??.??"]
[Round "?"]
[White "Monte, P."]
[Black "Kratschmer, H."]
[Result "1/2-1/2"]
[WhiteElo "2102"]
[BlackElo "2160"]
[Annotator "051"]
[PlyCount "120"]
[EventDate "2010.??.??"]
[WhiteTeam "Kgl SV  Den Haag"]
[BlackTeam "Steiermark"]

1. f4 c5 2. Nf3 Nc6 3. e3 g6 4. Be2 Bg7 5. O-O d5 6. d3 Nf6 7. Qe1 O-O 8. a4
Bg4 9. Qh4 e5 10. fxe5 Bxf3 11. Bxf3 Nxe5 12. Nc3 Nxf3+ 13. Rxf3 d4 14. Nd1 Nd5
15. Qxd8 Raxd8 16. e4 Nb4 17. Rf2 f5 18. exf5 Rde8 19. Kf1 Rxf5 20. Rxf5 gxf5
21. Bd2 Nxc2 22. Rc1 Ne3+ 23. Bxe3 dxe3 24. Ke2 b6 25. Rc4 Bd4 26. b4 Kf7 27.
bxc5 bxc5 28. Rc2 Ke6 29. Kf3 Kd5 30. g3 e2 31. Rxe2 Rxe2 32. Kxe2 c4 33. Kd2
Bg1 34. h3 h5 35. Nc3+ Kc5 36. Ne2 Bf2 37. dxc4 Kxc4 38. Nf4 Bxg3 39. Nxh5 Be5
40. Ke3 Kb4 41. Nf4 Kxa4 42. Nd3 Bd6 43. h4 Be7 44. h5 Bg5+ 45. Kd4 a5 46. Ke5
Kb3 47. Kxf5 Be3 48. Ke4 Bh6 49. Kd5 Bf8 50. Nc5+ Kb4 51. Ne6 Bh6 52. Nc5 Be3
53. Nd3+ Kb5 54. Ke4 Bh6 55. Kd4 Bg7+ 56. Ke3 a4 57. Kd2 a3 58. Nc1 Kc4 59. Ke2
Bh6 60. Na2 Bg7 1/2-1/2

[Event "?"]
[Site "?"]
[Date "????.??.??"]
[Round "?"]
[White "Pitzl, K."]
[Black "Vink, W."]
[Result "1/2-1/2"]
[WhiteElo "2108"]
[BlackElo "2001"]
[Annotator "052"]
[PlyCount "55"]
[EventDate "2010.??.??"]
[WhiteTeam "Steiermark"]
[BlackTeam "Kgl SV  Den Haag"]

1. Nf3 Nf6 2. g3 d5 3. Bg2 g6 4. O-O Bg7 5. d3 O-O 6. Nbd2 b6 7. c4 Bb7 8. Qc2
Nbd7 9. Rb1 c5 10. a3 a5 11. cxd5 Bxd5 12. a4 Rc8 13. b3 Qc7 14. Bb2 Rfd8 15.
Rbc1 Qb8 16. e4 Bb7 17. Nc4 Ne8 18. Bh3 Bc6 19. Bxg7 Nxg7 20. Qc3 Rc7 21. Nce5
Nf8 22. Ng4 Nfe6 23. Nh6+ Kf8 24. Ne5 f6 25. Bxe6 Nxe6 26. Qc4 Qc8 27. Nxc6
Rxc6 28. f4 1/2-1/2

[Event "?"]
[Site "?"]
[Date "????.??.??"]
[Round "?"]
[White "Ager, J."]
[Black "Jones, I."]
[Result "1/2-1/2"]
[WhiteElo "2223"]
[BlackElo "2290"]
[Annotator "053"]
[PlyCount "43"]
[EventDate "2010.??.??"]
[WhiteTeam "Salzburg"]
[BlackTeam "Wales"]
[BlackTeamCountry "WLS"]

1. d4 Nf6 2. c4 d6 3. Nc3 e5 4. dxe5 dxe5 5. Qxd8+ Kxd8 6. Nf3 Nfd7 7. g4 c6 8.
Be3 Na6 9. O-O-O f6 10. g5 Kc7 11. gxf6 gxf6 12. Rg1 Ndc5 13. Nh4 Be6 14. b3
Rd8 15. Rxd8 Kxd8 16. Bg2 Kc7 17. Ne4 Nd7 18. Bf3 b6 19. Kb2 Nac5 20. a3 Rg8
21. Rxg8 Bxg8 22. Nf5 1/2-1/2